| 000 | 01533 a2200241 4500 | ||
|---|---|---|---|
| 999 |
_c11132 _d11132 |
||
| 020 | _a9781449681982 (pbk.) | ||
| 050 | 0 | 0 |
_aRT82 _bMAS 2014 |
| 245 | 0 | 0 |
_aRole development in professional nursing practice / _cedited by Kathleen Masters. |
| 250 | _athird edition | ||
| 264 |
_a Burlington : _bJones & Bartlett Learning, _c2014 |
||
| 300 |
_axviii, 420 pages _billustrations |
||
| 336 |
_2rdacontent _atext _btxt |
||
| 337 |
_2rdamedia _aunmediated _bn |
||
| 338 |
_2rdacarrier _avolume _bnc |
||
| 504 | _aIncludes bibliographical references and index. | ||
| 505 | 0 | _aA history of health care and nursing -- Framework for professional nursing practice -- Philosophy of nursing -- Foundations of ethical nursing practice -- Social context of professional nursing -- Education and socialization to the professional nursing role -- Career management and care of the professional self -- The healthcare delivery system and the role of the professional nurse -- Critical thinking and clinical judgment in professional nursing -- Evidence-based professional nursing practice -- Ethical issues in professional nursing practice -- Law and the professional nurse -- The role of the professional nurse in patient education -- Informatics and technology in professional nursing practice -- Future directions in professional nursing practice. | |
| 650 | 1 | 2 |
_aNursing _xstandards. |
| 650 | 1 | 2 |
_aNursing _xtrends. |
| 650 | 2 | 2 | _aNurse's Role. |
| 650 | 2 | 2 | _aPhilosophy, Nursing. |
| 650 | 2 | 2 | _aProfessional Practice. |
| 942 |
_2lcc _cBK _h82 _iMAS _kRT |
||